Car logo quiz - Statystyki

Ogólne statystyki
  • Ten quiz został rozwiązany 121 razy
  • Średni wynik to 13 z 16
Statystyki odpowiedzi
Obrazkowy Odpowiedź % Poprawnych
Tesla
97%
Audi
94%
Bentley
94%
Mercedes-benz
94%
BMW
93%
Ferrari
92%
Honda
89%
Hyundai
88%
Lexus
87%
Alfa romeo
86%
Mitsubishi
85%
Volkswagen
78%
Porshe
74%
Cadillac
67%
Acura
56%
Buick
44%
Nie znaleziono quizów pasujących do podanych kryteriów
Rozkład punktacji
Procent ludzi z każdym wynikiem
Percentyl według liczby udzielonych odpowiedzi
Twoja historia wyników
Nie rozwiązałeś tego quizu